| 000 | 00736nam a2200217 i 4500 | ||
|---|---|---|---|
| 001 | 121691 | ||
| 003 | ES-MaACL | ||
| 005 | 20230906191813.0 | ||
| 007 | t| | ||
| 008 | 070214s1983 xxu r ||||1| eng d | ||
| 020 | _a0-8240-9267-8 | ||
| 100 | 1 |
_aPorter, Roy. _993233 |
|
| 245 | 1 | 4 |
_aThe earth sciences _b: an annotated bibliography / _cRoy Porter. |
| 260 |
_aNew York : _bGarland, _c1983. |
||
| 300 |
_aXIX, 192 p., 7 lám. ; _c23 cm. |
||
| 490 | 1 |
_aBibliographies of the History of Science and technology ; _v3 |
|
| 650 | 4 |
_aCiencias de la tierra- _xBibliografías. _9168270 |
|
| 830 | 0 |
_aBibliographies of the History of Science and technology ; _v3 _9218773 |
|
| 852 |
_aES-MaACL _jL-8542 _bR.109231 |
||
| 999 |
_c121691 _d121691 |
||